LEADER 01125nam a2200277 u 4500 001 000000079527 003 CaOOAMICUS 005 20070226123540.0 008 040607s1993 sz u000 u fre u 020 $a2830906934 035 $a10997987 040 $aPUL$bita 100 1 $aPèter-Contesse, René.$0(OLS)http://pul/name/52968 245 10$aLévitique 1-16 /$cRené Péter-Contesse. 260 $aGenève :$bLabor et Fides,$cc1993. 300 $a265 p. ;$c24 cm 490 1 $aCommentaire de l'Ancien Testament ;$vIIIa 504 $a"Bibliographie" : p. [11]-18. 630 04$aBiblia.$pV.T.$pLeviticus.$n1-16$lFrancese.$0(OLS)http://pul/subject/27619 830 0$aCommentaire de l'Ancien Testament ;$vIIIa.$0(OLS)http://pul/title/18892 850 $aPUL 852 $aPUL$W1$xSL Religione 3$y85$m222 PETRE 1$j101752$nBK-PRI$b $qDDC 21$B101752$CPULBib$Z2$F101752 $HPUL94874 $81 941 1 $a9 996 $6020$a2830906934$9(OLS)http://pul/number/104620 996 $6245$aLévitique 1-16$9(OLS)http://pul/title/104144 996 $6260$aGenève :$bLabor et Fides$9(OLS)http://pul/publisher/61349 LEADER 01253nam a2200313 a 4500 001 000000176129 003 CaOOAMICUS 005 20230914092551.0 008 230914s2022 it r 000 0 ita r 020 $a978-88-93143-57-8* 032 $aLibriCat 040 $aPUL$bita 084 $a111 100 1 $aTarquini, Nicolò.$0(OLS)http://pul/name/112592 245 10$aEternità e divenire :$bEmanuele Severino e la metafisica classica /$cNicolò Tarquini . 260 $aNapoli-Salerno :$bOrthotes,$c2022. 300 $a443 p.;$c24 cm 440 0$aItaliana ;$v15 504 $aBibliografia: p. 423-436. 650 4$aMetafisica$ySec. XX.$0(OLS)http://pul/subject/8481 850 $aPUL 852 $aPUL$W1$xSL Filosofia 3$y81$m111 TARNI 1$j200292$qDDC 21$B205075$CPULBib$Z2$F205075 $H136474 $82 941 1 $a9 996 $6020$a978-88-93143-57-8*$9(OLS)http://pul/number/169321 996 $6084$a111$9(OLS)http://pul/classification/3351 996 $6245$aEternità e divenire :$bEmanuele Severino e la metafisica classica$9(OLS)http://pul/title/217633 996 $6440$aItaliana$9(OLS)http://pul/title/217634 996 $6260$aNapoli-Salerno :$bOrthotes$9(OLS)http://pul/publisher/87234